কমপিউটার হার্ডওয়্যার : (Record no. 12164)
[ view plain ]
| 000 -LEADER | |
|---|---|
| fixed length control field | 00872nam a2200217 a 4500 |
| 001 - CONTROL NUMBER | |
| JCCL Control Number | 12164 |
| 003 - CONTROL NUMBER IDENTIFIER | |
| JCCL marc code | BD-JhCC |
| 005 - DATE AND TIME OF LATEST TRANSACTION | |
| control field | 20210322120841.0 |
| 008 - FIXED-LENGTH DATA ELEMENTS--GENERAL INFORMATION | |
| fixed length control field | 210322s20102020bg a|||| |||| 000 0 ban d |
| 020 ## - INTERNATIONAL STANDARD BOOK NUMBER | |
| International Standard Book Number | 9789848980132 |
| 035 ## - SYSTEM CONTROL NUMBER | |
| system control number | (BD-JhCC)12164 |
| 040 ## - CATALOGING SOURCE | |
| Original cataloging agency | BD-JhCC |
| Modifying agency | BD-JhCC |
| 041 ## - LANGUAGE CODE | |
| Language code of Book | ban |
| 082 ## - DEWEY DECIMAL CLASSIFICATION NUMBER | |
| Classification number | 001.6404 |
| Author mark and Year | RAH 2020 |
| 100 ## - MAIN ENTRY--PERSONAL NAME | |
| Personal name | রহমান, মাহবুবুর |
| 245 ## - TITLE STATEMENT | |
| Title | কমপিউটার হার্ডওয়্যার : |
| Remainder of title | অ্যাসেম্বল, মেনটেইন্যান্স ও ট্রাবলশ্যুটিং / |
| Statement of responsibility, etc | মাহবুবুর রহমান |
| 260 ## - PUBLICATION, DISTRIBUTION, ETC. (IMPRINT) | |
| Place of publication, distribution, etc | ঢাকা : |
| Name of publisher, distributor, etc | সিসটেক পাবলিকেশন্স, |
| Date of publication, distribution, etc | ২০২০. |
| 300 ## - PHYSICAL DESCRIPTION | |
| Pagination | ৫০৪ পৃ. : |
| Other physical details | চিত্রাবলী, |
| Dimensions | ২৪ সেমি. |
| 650 ## - SUBJECT ADDED ENTRY--TOPICAL TERM | |
| Topical term or geographic name as entry element | Hardware (computer) |
| 942 ## - ADDED ENTRY ELEMENTS (KOHA) | |
| Source of classification or shelving scheme | Dewey Decimal Classification |
| Koha item type | Books |
| Source of classification or shelving scheme | Damaged status | Not for loan | Home library | Current library | Shelving location | Date of accession | Cost, normal purchase price | Total Checkouts | Full call number | Barcode | Date last seen | Copy number | Koha item type |
|---|---|---|---|---|---|---|---|---|---|---|---|---|---|
| Dewey Decimal Classification | JCC Rouf Library | JCC Rouf Library | General Stacks | 03/22/2021 | 263.00 | 001.6404 RAH 2020 | 16089 | 03/22/2021 | C-1 | Books | |||
| Dewey Decimal Classification | JCC Rouf Library | JCC Rouf Library | General Stacks | 263.00 | 001.6404 RAH 2020 | 16076 | 03/22/2021 | C-1 | Books |